000
00303nam a22001337a 4500
008
210301b ||||| |||| 00| 0 eng d
020
_a
9780123567628
041
_a
eng
080
_a
343.9
100
_a
13
101
_a
KRI
245
_a
Fundamentals of Forensic Science
_c
Houck,M.M
942
_2
udc
_c
BK
999
_c
55373
_d
55373